| 000 | 01138naa a2200445Ia 4500 | ||
|---|---|---|---|
| 001 | 14334 | ||
| 008 | 191123s9999 xx 000 0 und d | ||
| 020 | _a9506120218 | ||
| 041 | _aspa | ||
| 044 | _aag | ||
| 100 | _aRibera, Adolfo Luis, | ||
| 245 | 0 | _aLa escultura | |
| 260 |
_aBuenos Aires : _bAcademia Nacional de Bellas Artes, _c1985. |
||
| 300 |
_app.143-184 _bilustrado |
||
| 500 | _apublicación de la ANBA | ||
| 504 | _abibliografia p. 184 | ||
| 650 | _aBELGRANO, MANUEL | ||
| 650 | _aCATEDRAL METROPOLITANA. BUENOS AIRES. ARGENTINA | ||
| 650 | _aDUBOURDIEU, JOSE | ||
| 650 | _aDUTEIL, ELIAS | ||
| 650 | _aESCULTORES ARGENTINOS | ||
| 650 | _aESCULTORES FRANCESES | ||
| 650 | _aESCULTURA | ||
| 650 | _aESCULTURA FUNERARIA | ||
| 650 | _aESTATUAS | ||
| 650 | _aMONUMENTOS | ||
| 650 | _aPIRAMIDE DE MAYO | ||
| 650 | _aSAN MARTIN, JOSE | ||
| 902 | _aM | ||
| 903 | _aa | ||
| 904 | _aam | ||
| 905 | _a4 | ||
| 907 | _aimpreso | ||
| 911 | _ailustrado | ||
| 912 | _a1985 | ||
| 942 | _cANALITICA | ||
| 999 |
_c14227 _d14227 |
||
| 490 | 0 | _aHistoria General del Arte en la Argentina. | |
| 550 | _ailustrado | ||